Televize je doma chápaná jako pohrobek komunizmu

Bibliographic Details
Main Authors: Mathé, Ivo, 1951- (Author), Čechová, Soňa, 1930-2007 (Author)
Format: Article
Language:Slovak
PhysicalDescription:Fotogr. 1
Subjects:

MARC

LEADER 00000nab a2200000 a 4500
001 vtls000503155
003 SK-MaSNL
005 20260304022626.0
008 160201c1993 xo 0 slo
015 |a SNBRB19rr/mm-uuuuu 
035 |a CL0503293 
040 |a SNKBUCL  |b slo  |c SNKBUCL  |e AACR2 
041 0 |a slo 
044 |a xo  |c SK 
080 |a 654.17(437.6):654.17(437.1/.2)  |2 1981 
080 |a 654.17(437.1/.2)  |2 1981 
100 1 |a Mathé, Ivo,  |d 1951-  |4 aut  |9 87098 
245 1 0 |a Televize je doma chápaná jako pohrobek komunizmu  |c Ivo Mathé, Soňa Čechová 
300 |b Fotogr. 1 
610 1 7 |a Česká televize  |2 snkbucl  |9 206070 
610 2 7 |a Slovenská televízia  |2 snkbucl  |9 115516 
650 0 7 |a televízne vysielanie  |2 snkbucl  |9 2922 
655 7 |a články z novín a časopisov  |2 snkbucl  |9 267496 
700 1 |a Čechová, Soňa,  |d 1930-2007  |4 aut  |9 53227 
773 0 |t Mosty  |g Roč. 2, č. 35 (1993), s. 3 
850 |a Slovenská národná knižnica v Martine  |a MTA001 
852 |a SNK  |b KIS3GCP 
958 |a RK 
958 |a CZ 
992 |a RBX 
999 |c 2612321  |d 2614251